Drupes - Sudden Death - Statistics

General Stats
  • This quiz has been taken 55 times
  • The average score is 7 of 14
Answers on the Grid
Answers color-coded by a green-red scale on the quiz's grid according to % correct below.
Nectarine
Lychee
Coconut
Avocado
Mango
Plum
Peach
Cherry
Olive
Almond
Apricot
Date
Pecan
Black pepper
Red pepper
Pineapple
Peanut
Apple
Cumin
Cucumber
Tomato
Banana
Guava
Strawberry
Grape
Star fruit
Papaya
Persimmon
Orange
Redcurrant
 
Answer Stats
Answer % Correct
Peach
79%
Plum
74%
Cherry
68%
Apricot
65%
Olive
62%
Nectarine
59%
Avocado
56%
Mango
47%
Almond
38%
Date
38%
Lychee
38%
Pecan
32%
Black pepper
15%
Coconut
15%
No matching quizzes found
Score Distribution
Percent of People with Each Score
Percentile by Number Answered
Your Score History
You have not taken this quiz